000 00561nam a22002171a 4500
001 654
003 OSt
005 20260204211704.0
008 040113s1976||||xxu||||||b||||||||||spa||
020 _a0538220600
050 _a330 G88t 1976
082 _a330 G88t 1976
100 _aGonzález, Antonio J.
245 _aTratado moderno de economía general / Antonio J. González
250 _a2
264 _aEstados Unidos de América : South--Wester Publishing
300 _a386 p
500 _aIncluye indice
650 _a1.EconomíaÌ
942 _2ddc
_cBK
999 _c654
_d654